Business scenarios : a context-based approach to business communication

Bibliographic Details
Main Author: Schultz, Heidi (Author)
Format: Book
Language:English
Published: New York : McGraw-Hill/Irwin , c2006
Subjects:

MARC

LEADER 00000cam a2200000 7i4500
001 0000008904
005 20070315093000.0
008 061210 nyu eng
020 |a 0072984244 
090 0 0 |a HF5718   |b .S325 2006 
100 1 |a Schultz, Heidi ,   |e author 
245 1 0 |a Business scenarios :   |b a context-based approach to business communication   |c Heidi Schultz 
260 2 |a New York :   |b McGraw-Hill/Irwin ,   |c c2006 
300 |a xviii, 142 p. :   |b ill. ;   |c 24 cm. 
504 |a Includes bibliographical references and index 
650 0 |a Business communication 
650 0 |a Business writing 
650 0 |a Context (Linguistics) 
650 0 |a Oral communication 
999 |a 1000105862   |b Book   |c OPEN SHELF (30 DAYS)   |e Gong Badak Campus